000 00481nam a2200205Ia 4500
008 230125s9999 xx 000 0 und d
020 _a81-7274-611-3
041 _aeng
082 _a050
_bJAI
100 _aJain N K
_9109997
245 _aHandbook of VISA Information
250 _a1st Ed.
260 _c2007
_bNabhi Pub
_aNew Delhi
300 _a991p
500 _aVISA
650 _aGeneral
700 _aJain N K
_9109997
906 _b134
999 _c86671
_d86671